Movies Quiz

Random Movies or Oscar Quiz

Oscar Best Actors Quiz Stats

 Plays Quiz Updated Apr 25, 2021

     
Support Sporcle.
Go Orange.
Score 0/94 Timer 10:00
1 Play Today
Year Actor % Correct
1993Tom Hanks
96%
1994Tom Hanks
96%
2015Leonardo DiCaprio
92.6%
2012Daniel Day-Lewis
92.5%
2020Anthony Hopkins
92.4%
1975Jack Nicholson
91.7%
1997Jack Nicholson
91.7%
2000Russell Crowe
91.4%
1979Dustin Hoffman
91.1%
1988Dustin Hoffman
91.1%
2003Sean Penn
89.4%
2019Joaquin Phoenix
89%
1989Daniel Day-Lewis
88.9%
2007Daniel Day-Lewis
88.9%
1954Marlon Brando
88.5%
1991Anthony Hopkins
88.5%
1972Marlon Brando
88.5%
1980Robert De Niro
87%
2001Denzel Washington
86.8%
1992Al Pacino
86.8%
2005Philip Seymour Hoffman
86.7%
1999Kevin Spacey
85.9%
2004Jamie Foxx
85.8%
2008Sean Penn
84%
2016Casey Affleck
83.6%
2018Rami Malek
81.4%
1987Michael Douglas
80.4%
2017Gary Oldman
79.4%
2014Eddie Redmayne
78.3%
1995Nicolas Cage
77.8%
1982Ben Kingsley
77.4%
2006Forest Whitaker
75.9%
Year Actor % Correct
2002Adrien Brody
75.3%
2013Matthew McConaughey
74.7%
1986Paul Newman
71.4%
1969John Wayne
71.2%
1962Gregory Peck
70.5%
1959Charlton Heston
69.2%
1951Humphrey Bogart
68.2%
1981Henry Fonda
65.9%
1971Gene Hackman
64.6%
1940James Stewart
61.4%
1970George C. Scott
60.7%
1963Sidney Poitier
60.1%
1948Laurence Olivier
58.8%
2011Jean Dujardin
58.8%
2009Jeff Bridges
58.4%
2010Colin Firth
58.4%
1934Clark Gable
58.1%
1996Geoffrey Rush
56.8%
1998Roberto Benigni
54.9%
1956Yul Brynner
53.6%
1941Gary Cooper
52.9%
1952Gary Cooper
52.9%
1937Spencer Tracy
50.8%
1938Spencer Tracy
50.8%
1964Rex Harrison
50.7%
1957Alec Guinness
50.4%
1984F. Murray Abraham
49.8%
1990Jeremy Irons
49%
1985William Hurt
48.5%
1973Jack Lemmon
48%
1983Robert Duvall
47.3%
1978Jon Voight
47.3%
Year Actor % Correct
1942James Cagney
46.7%
1976Peter Finch
45.2%
1977Richard Dreyfuss
45.1%
1955Ernest Borgnine
43.3%
1944Bing Crosby
40.8%
1967Rod Steiger
39.4%
1960Burt Lancaster
38.8%
1965Lee Marvin
37.5%
1953William Holden
36.7%
1974Art Carney
35.3%
1958David Niven
33.4%
1931-1932Fredric March
32.3%
1946Fredric March
32.3%
1966Paul Scofield
31.2%
1930-1931Lionel Barrymore
31%
1961Maximilian Schell
31%
1968Cliff Robertson
30.8%
1945Ray Milland
29.7%
1950José Ferrer
28.9%
1932-1933Charles Laughton
28.7%
1939Robert Donat
27.2%
1936Paul Muni
26.2%
1949Broderick Crawford
26.2%
1927-1928Emil Jannings
25.7%
1931-1932Wallace Beery
24%
1929-1930George Arliss
21.3%
1928-1929Warner Baxter
20.9%
1947Ronald Colman
20.1%
1943Paul Lukas
18.9%
1935Victor McLaglen
18.5%

From the Vault

Common Crossword Clues

by needapausebutton

Should we start worrying about endangered crossword clues?
Remove Ads.
Support Sporcle.
Get the best of Sporcle when you Go Orange. This ad-free experience offers more features, more stats, and more fun while also helping to support Sporcle. Thank you for becoming a member.

Show Comments

Extras

Top Quizzes Today


Score Distribution

Your Account Isn't Verified!

In order to create a playlist on Sporcle, you need to verify the email address you used during registration. Go to your Sporcle Settings to finish the process.

Report this User

Report this user for behavior that violates our Community Guidelines.

Details: